Uczestnictwo pracownikow w zarzadzaniu przedsiebiorstwami w krajach Europy Zachodniej

Gespeichert in:
Bibliographische Detailangaben
1. Verfasser: Blaszczyk, Barbara
Format: Buch
Sprache:Polnisch
Veröffentlicht: Warszawa Wyd. Ekon. 1988
Ausgabe:1. wyd.
Tags: Tag hinzufügen
Keine Tags, Fügen Sie das erste Tag hinzu!

MARC

LEADER 00000nam a2200000 4500
001 c027205
005 20221219123807.2
041 0 |a pol 
044 |a PL 
245 1 0 |a Uczestnictwo pracownikow w zarzadzaniu przedsiebiorstwami w krajach Europy Zachodniej  |c Barbara Blaszczyk 
250 |a 1. wyd. 
264 1 |a Warszawa  |b Wyd. Ekon.  |c 1988 
300 |a 217 s. 
100 1 |a Blaszczyk, Barbara